000 00497nam a22001577a 4500
003 NUST
038 _aNusrat Nadeem
082 _a200
100 _aRashid, Izaz
_9130544
245 _aDecarbonizing the Cement Industry of Pakistan/
_cIzaz Rashid,
264 _aIslamabad:
_bNBS NUST.
_c2025.
650 _aMS- Operations and Supply Chain
_9122989
700 _aSupervisor: Dr. Muhammad Kamran Khalid
_9120131
856 _uhttp://10.250.8.41:8080/xmlui/handle/123456789/54481
942 _2ddc
_cSC
999 _c614738
_d614738